Cases in operations management / (Record no. 343081)

000 -LEADER
fixed length control field 01308 a2200349 4500
020 ## - INTERNATIONAL STANDARD BOOK NUMBER
International Standard Book Number 0201532891
020 ## - INTERNATIONAL STANDARD BOOK NUMBER
International Standard Book Number 9780201532890
082 04 - DEWEY DECIMAL CLASSIFICATION NUMBER
Classification number 658.5
090 ## - LOCALLY ASSIGNED LC-TYPE CALL NUMBER (OCLC); LOCAL CALL NUMBER (RLIN)
-- 522
-- 522
100 1# - MAIN ENTRY--PERSONAL NAME
Personal name Heyl, Jeff E.
245 10 - TITLE STATEMENT
Title Cases in operations management /
Statement of responsibility, etc. Jeff E. Heyl.
250 ## - EDITION STATEMENT
Edition statement 1st ed.
260 ## - PUBLICATION, DISTRIBUTION, ETC.
Place of publication, distribution, etc. [S.l.] :
Name of publisher, distributor, etc. Addison Wesley Longman,
Date of publication, distribution, etc. 1994.
300 ## - PHYSICAL DESCRIPTION
Extent 207 p. ;
Dimensions 24 cm.
500 ## - GENERAL NOTE
General note Paperback.
520 ## - SUMMARY, ETC.
Summary, etc. Series of cases that address functional-level problems which can be studied, analyzed, and resolved using the tools and techniques typically presented in the core Operations Management curriculum. Paper. DLC: Production management Case studies.
650 #4 - SUBJECT ADDED ENTRY--TOPICAL TERM
Topical term or geographic name entry element Business/Economics.
650 #4 - SUBJECT ADDED ENTRY--TOPICAL TERM
Topical term or geographic name entry element Operations Management.
650 #4 - SUBJECT ADDED ENTRY--TOPICAL TERM
Topical term or geographic name entry element Management & management techniques.
650 #4 - SUBJECT ADDED ENTRY--TOPICAL TERM
Topical term or geographic name entry element Textbooks.
650 #4 - SUBJECT ADDED ENTRY--TOPICAL TERM
Topical term or geographic name entry element Business & Economics.
650 #4 - SUBJECT ADDED ENTRY--TOPICAL TERM
Topical term or geographic name entry element General.
650 #4 - SUBJECT ADDED ENTRY--TOPICAL TERM
Topical term or geographic name entry element Case studies.
650 #4 - SUBJECT ADDED ENTRY--TOPICAL TERM
Topical term or geographic name entry element Production management.
650 #4 - SUBJECT ADDED ENTRY--TOPICAL TERM
Topical term or geographic name entry element Entrepreneurship.
650 #4 - SUBJECT ADDED ENTRY--TOPICAL TERM
Topical term or geographic name entry element Management - General.
700 1# - ADDED ENTRY--PERSONAL NAME
Personal name Bushnell, Jon L.
700 1# - ADDED ENTRY--PERSONAL NAME
Personal name Stone, Linda A.
856 40 - ELECTRONIC LOCATION AND ACCESS
Materials specified Amazon.com
Uniform Resource Identifier <a href="http://www.amazon.com/exec/obidos/ASIN/0201532891/chopaconline-20">http://www.amazon.com/exec/obidos/ASIN/0201532891/chopaconline-20</a>
856 40 - ELECTRONIC LOCATION AND ACCESS
Materials specified Amazon customer reviews
Uniform Resource Identifier <a href="http://www.chopac.org/cgi-bin/tools/azrev.pl?q=0201532891">http://www.chopac.org/cgi-bin/tools/azrev.pl?q=0201532891</a>
942 ## - ADDED ENTRY ELEMENTS (KOHA)
Institution code [OBSOLETE] NBS
Koha item type Book
Call number prefix 658.5 HEY
Holdings
Withdrawn status Lost status Damaged status Not for loan Permanent Location Current Location Date acquired Total Checkouts Full call number Barcode Date last seen Price effective from Koha item type
        Central Library (CL) Central Library (CL) 08/28/2013   658.5 HEY NBS88 08/28/2013 08/28/2013 Book
        Central Library (CL) Central Library (CL) 08/28/2013   658.5 HEY NBS156 08/28/2013 08/28/2013 Book
        Central Library (CL) Central Library (CL) 08/28/2013   658.5 HEY NBS179 08/28/2013 08/28/2013 Book
© 2023 Central Library, National University of Sciences and Technology. All Rights Reserved.